000
00299nam a22001097a 4500
008
140526t xxu||||| |||| 00| 0 eng d
020
_a
0-471-42362-9
100
_a
Mike Brewster
_9
905
245
_a
Unaccountable
_b
How the accounting profession forfeited a public trust
300
_a
328
942
_2
ddc
_c
BK
999
_c
17143
_d
17143